| 000 | 01038nam a2200229Ia 4500 | ||
|---|---|---|---|
| 001 | 1293 | ||
| 003 | GE_BSU | ||
| 008 | 181216s||||||||xx |||||||||||||| ||und|| | ||
| 040 | _cGE_BSU | ||
| 080 | _a633.7 | ||
| 100 | _aმამულაიშვილი, ტ; კუტუბიძე, ვ; ლაზიშვილი, ლ; | ||
| 245 | _aქართული სელექციური ჩაის ახალი ჯიშებისა და კლონების კვლევის შედეგები. მონოგრაფია. | ||
| 245 | _bჩაის, სუბტროპიკული კულტურებისა და ჩჰაის ინ-ტი. | ||
| 260 | _aბათუმი | ||
| 260 | _bჩაქვი | ||
| 260 | _c2009 | ||
| 300 | _a107 გვ. 20 სმ. | ||
| 541 | _h5 ლ. | ||
| 653 | _aკლონების კვლევის შედეგები. | ||
| 653 | _aსელექციური ჩაი ახალი ჯიშები. | ||
| 942 | _cBK | ||
| 999 |
_c35435 _d35435 |
||